Vlastné náklady, kalkulácie a ceny v priemysle : ceny v socialistickom priemysle /
Uložené v:
| Hlavný autor: | |
|---|---|
| Médium: | Kniha |
| Jazyk: | Slovak |
| Vydané: |
Bratislava :
Vysoká škola ekonomická,
1977.
|
| Vydanie: | 1. vyd. |
| Edícia: | Vysokoškolské skriptá
|
| ISBN: |
(brož.) |
| Fyzický popis: |
155 s. : tb. |
| Tagy: |
Pridať tag
Žiadne tagy, Buďte prvý kto otaguje tento záznam!
|
Titul je dostupný aj v ... 

MARC
| LEADER | 00000nam a22000001 4500 | ||
|---|---|---|---|
| 001 | 000171884 | ||
| 005 | 20091016184122.0 | ||
| 008 | 030630s1977 xr slo d | ||
| 020 | |a (brož.) | ||
| 040 | |a SVKKK |b slo |c SVKKK |e AACR2 | ||
| 041 | 0 | |a slo | |
| 044 | |a xo |c SK | ||
| 100 | 1 | |a Rajňák, Milan |d 1938- |4 aut | |
| 245 | 1 | 0 | |a Vlastné náklady, kalkulácie a ceny v priemysle : |b ceny v socialistickom priemysle / |c Milan Rajňák. |
| 250 | |a 1. vyd. | ||
| 260 | |a Bratislava : |b Vysoká škola ekonomická, |c 1977. | ||
| 300 | |a 155 s. : |b tb. | ||
| 490 | 1 | |a Vysokoškolské skriptá | |
| 910 | |a svkkk | ||
| 998 | |a BK | ||
| 090 | |g SCKHL |k Sklad Pribinova 2. posch. |a II.232531 |j 562427 |i 2720217713 |s Absenčne | ||
| 090 | |g SCKHL |k Sklad Pribinova 2. posch. |a II.232532 |j 562428 |i 171884-20 |s Absenčne | ||